| 000 | 00635cam a2200229 i 4500 | ||
|---|---|---|---|
| 001 | 326450 | ||
| 005 | 20180207081041.0 | ||
| 008 | 750307s1975 nyuaf b 001 0beng | ||
| 010 | _a 75006888 | ||
| 020 | _a067121988X (pt. 11) | ||
| 040 |
_aDLC _cDLC _dDLC |
||
| 041 | _aeng | ||
| 043 | _ae------ | ||
| 080 | _a909 DUR | ||
| 082 | 0 | 0 |
_a909 DUR _a940.2/7 |
| 100 | 1 | _a16 | |
| 101 | _aHIS | ||
| 245 | 1 | 4 |
_aThe age of Napoleon : _cby Will and Ariel Durant. |
| 504 | _aBibliography: p. 781-789. | ||
| 906 |
_a7 _bcbc _corignew _d1 _eocip _f19 _gy-gencatlg |
||
| 942 |
_2ddc _cBK |
||
| 999 |
_c42029 _d42029 |
||